Statistics for Landlocked Countries with a Map

Click here to take the quiz!

General Stats

  • This quiz has been taken 7,835 times
    (4,190 since last reset)
  • The average score is 42 of 45

Answers on the Map

Answers color-coded by a green-red scale on the quiz's map according to % correct below.
 

Answer Stats

Country% Correct
Mongolia
98%
Austria
97%
Bolivia
97%
Chad
97%
Kazakhstan
97%
Nepal
97%
Afghanistan
96%
Belarus
96%
Hungary
96%
Laos
96%
Mali
96%
Niger
96%
Paraguay
96%
Switzerland
96%
Uzbekistan
96%
Bhutan
95%
Czech Republic
95%
Ethiopia
95%
Lesotho
95%
Slovakia
95%
Turkmenistan
95%
Kyrgyzstan
94%
Serbia
94%
South Sudan
94%
Tajikistan
94%
Armenia
93%
Azerbaijan
93%
Botswana
93%
Central African Republic
93%
Kosovo
93%
Moldova
93%
North Macedonia
93%
Rwanda
93%
Zambia
93%
Zimbabwe
93%
Eswatini
92%
Luxembourg
92%
Uganda
92%
Malawi
91%
Burundi
90%
Burkina Faso
89%
Liechtenstein
89%
Andorra
88%
San Marino
86%
Vatican City
86%

Score Distribution

Percentile by Number Answered

Percent of People with Each Score

Your Score History

You have not taken this quiz since the last reset